000 00610cam a22002173a 4500
001 36961
003 PGUSA
005 20140828083818.0
008 110803s2011||||xxu|||||s|||||000 | eng d
040 _aPGUSA
_beng
042 _adc
100 1 _aVan Vorst, Marie,
_d1867-1936
245 1 4 _aThe Girl From His Town
_h[electronic resource] /
_cMarie Van Vorst
260 _bProject Gutenberg,
_c2011
506 _aPublic domain in the USA.
516 _aElectronic text
700 1 _aCootes, F. Graham
830 0 _aProject Gutenberg
_v36961
856 4 0 _uhttp://www.gutenberg.org/ebooks/36961
942 _cEB
999 _c266216
_d266216